000 00349nam a2200133Ia 4500
008 151001s9999||||xx |||||||||||||| ||und||
100 _aदुर्गा - भागवत
245 _aपैस
250 _a1
260 _bमॅजेस्टीक प्रकाशन मुंबई
260 _c1970
300 _a71
365 _b8.5
999 _c954832
_d954829